000 00394nam a2200133Ia 4500
008 230917s9999||||xx |||||||||||||| ||und||
040 _e91491
_aMAIN
041 _aEnglish
082 _a363.45 S77R
100 _aSurender Singh
245 0 _aRole of voluntary association in drug-de-addiction: an exploratory sociological case study of drug addicts in Rohtak
300 _a100 p.
942 _cTH
999 _c72051
_d72051